Countries Visited by Formula One (Up to date) - Statistics

General Stats
  • This quiz has been taken 1,979 times
  • The average score is 30 of 34
Answer Stats
Answer % Correct
United States of America
98%
United Kingdom
97%
Australia
95%
Brazil
95%
France
95%
Italy
95%
Japan
95%
China
94%
Germany
94%
Spain
94%
Austria
93%
Canada
93%
Mexico
93%
Russia
93%
Belgium
92%
Argentina
89%
Netherlands
89%
Portugal
89%
Monaco
88%
South Africa
86%
Bahrain
83%
Qatar
83%
Saudi Arabia
83%
United Arab Emirates
83%
Hungary
82%
India
82%
Sweden
81%
South Korea
78%
Turkey
78%
Singapore
77%
Switzerland
74%
Azerbaijan
73%
Malaysia
72%
Morocco
65%
No matching quizzes found
Score Distribution
Percent of People with Each Score
Percentile by Number Answered
Your Score History
You have not taken this quiz